| Tag |
First Indicator |
Second Indicator |
Subfields |
| LEADER |
00000cam a2200000 4500 |
| 001 |
in00001933821 |
| 006 |
m | d | |
| 007 |
cr |n||||||||n |
| 008 |
020508s1800 enk|||| s 00||||eng d |
| 005 |
20260406222509.3 |
| 035 |
|
|
|a (CStRLIN)ESTCN71676
|
| 040 |
|
|
|a Cu-RivES
|c Cu-RivES
|d Thomson Gale
|d UtOrBLW
|
| 245 |
0 |
4 |
|a The great messenger of mortality :
|b or, death and the Lady. To which are added, meditations on death, by Thomas a Kempis. And a hymn, on time's rapidity.
|
| 264 |
|
3 |
|a [Newcastle] :
|b Printed by J. Marshall,
|c [1800?]
|
| 300 |
|
|
|a 7, 1 unnumbered page ;
|c 12⁰.
|
| 336 |
|
|
|a text
|b txt
|2 rdacontent
|
| 337 |
|
|
|a computer
|b c
|2 rdamedia
|
| 338 |
|
|
|a online resource
|b cr
|2 rdacarrier
|
| 500 |
|
|
|a Above title: Marshall's religious tracts
|
| 500 |
|
|
|a Reproduction of original from the British Library.
|
| 510 |
4 |
|
|a English Short Title Catalog,
|c ESTCN71676.
|
| 533 |
|
|
|a Electronic reproduction.
|b Farmington Hills, Mich. :
|c Thomson Gale,
|d 2003.
|n Available via the World Wide Web.
|n Access limited by licensing agreements
|7 s2003 miunns
|
| 500 |
|
|
|a Electronic resource.
|
| 700 |
0 |
|
|a Thomas,
|c à Kempis,
|d 1380-1471,
|e author.
|
| 830 |
|
0 |
|a Eighteenth century collections online.
|
| 856 |
4 |
0 |
|u http://proxy.library.tamu.edu/login?url=https://galenet.galegroup.com/servlet/ECCO?c=1&stp=Author&ste=11&af=BN&ae=N071676&tiPG=1&dd=0&dc=flc&docNum=CW112767901&vrsn=1.0&srchtp=a&d4=0.33&n=10&SU=0LRK&locID=txshracd2898
|z Full text online
|t 0
|
| 999 |
|
|
|a MARS
|
| 999 |
f |
f |
|s e8c837ad-4cd8-38fe-9e94-7d29be9069d9
|i 296280fc-3fa0-336c-8696-32c250ac5259
|t 0
|
| 952 |
f |
f |
|a Texas A&M University
|b College Station
|c Electronic Resources
|s www_evans
|d Available Online
|t 0
|h No information provided
|
| 998 |
f |
f |
|t 0
|l Available Online
|